| 000 | 00367 a2200157 4500 | ||
|---|---|---|---|
| 001 | 190529 | ||
| 020 | _a978-1-4050-8421-5 | ||
| 040 | _cMagnum | ||
| 100 | _aDumas, Alexandre | ||
| 240 | 1 | 0 |
_aThe treasure of Monte Cristo _lING |
| 245 | 1 | 0 | _aThe treasure of Monte Cristo |
| 300 | _a95 | ||
| 362 | 0 | _a2007 | |
| 697 | _aLITERATURA JUVENIL ESTRANGEIRA | ||
| 942 | _cBK | ||
| 999 |
_c190529 _d190529 |
||